Представление документа в формате MARC21

ПолеНазваниеЗначение
  Тип записи a
  Библиографический уровень m
001 Контрольный номер BIBLIOCLUB\0000596609
005 Дата корректировки 20220829112805.1
006 m o d
007 Элементы данных для физической характеристики c|||||||||||||
008 Кодируемые данные s2019 rus o rus d
041 Код языка издания 0_
a Код языка текста rus
084 Индекс другой классификации/Индекс ББК __
a Индекс другой классификации/Индекс ББК 40.76я73
b Номер единицы LBC/PL
2 Источник индекса rubbk
084 Индекс другой классификации/Индекс ББК __
a Индекс другой классификации/Индекс ББК 74.480.276.4я73
b Номер единицы LBC/PL
2 Источник индекса rubbk
100 Автор 1_
a Автор Беззубцева М. М.
245 Заглавие 10
a Заглавие Педагогическая практика: методические указания для обучающихся по направлению подготовки 35.04.06 Агроинженерия, профиль «Энергетический менеджмент и инжиниринг энергосистем»
b Продолж. заглавия методическое пособие
c Ответственность М. М. Беззубцева, В. С. Волков
c Ответственность Санкт-Петербургский государственный аграрный университет (СПбГАУ)
260 Выходные данные __
a Место издания Санкт-Петербург
b Издательство Санкт-Петербургский государственный аграрный университет (СПбГАУ)
c Дата издания 2019
300 Физическое описание __
a Объем 24 с.
b Иллюстрации/ тип воспроизводства ил.
504 Библиография __
a Библиография Библиогр. : с. 17 - 18.
653 Ключевые слова 1_
a Ключевые слова Учебник для высшей школы
700 Другие авторы _1
a Другие авторы Волков В. С.
856 Электронный адрес документа 40
3 Область применения данных поля Университетская библиотека ONLINE
u URL https://biblioclub.ru/index.php?page=book&id=596609